00462nam a22001697a 450000500170000000800410001702000150005804000130007305000190008610000180010524500340012325000170015726000300017430000470020450000230025165000180027420230320140415.0230320b |||||||| |||| 00| 0 eng d a068306200x aKMUcKMU aQA 31 Apr 1990 aApril, Ernest aAnatomy /cby Ernest w. April a2nd edition. aMexico :bwiley ,c1990 . axiii, 610 pages ;billustration :c28 cm . aincludes an index. 2OclcaAnatomy